000 00559nam a2200217Ia 4500
003 OSt
005 20220928150214.0
006 a|||||r|||| 00| 0
007 ta
008 220927b |||||||| |||| 00| 0 eng d
024 _a89018
037 _cTextual
040 _aSDCL
_cSDCL
_beng
041 _2eng
_aeng
082 _aO15,1D40:g(NR), N9
100 _aSahaye Jagdish
_9515709
245 0 _aKalidasa - sangeet - vaijayanti.
260 _c1999
942 _hO15,1D40:g(NR), N9
_cTEXL
_2CC
999 _c840766
_d840766